logo

Bir Sreshtho Munshi Abdur Rouf Library
Jhenaidah Cadet College

The PLO after the Lebanon War / (Record no. 7637)

MARC details
000 -LEADER
fixed length control field 00585nam a2200217 a 4500
001 - CONTROL NUMBER
JCCL Control Number 7637
003 - CONTROL NUMBER IDENTIFIER
JCCL marc code BD-JhCC
005 - DATE AND TIME OF LATEST TRANSACTION
control field 20180222134354.0
008 - FIXED-LENGTH DATA ELEMENTS--GENERAL INFORMATION
fixed length control field 180212s1986 uk |||| |||| 000 0 eng d
020 ## - INTERNATIONAL STANDARD BOOK NUMBER
International Standard Book Number 0813301165
035 ## - SYSTEM CONTROL NUMBER
system control number (BD-JhCC)7637
040 ## - CATALOGING SOURCE
Original cataloging agency BD-JhCC
Modifying agency BD-JhCC
041 ## - LANGUAGE CODE
Language code of Book eng
082 ## - DEWEY DECIMAL CLASSIFICATION NUMBER
Classification number 956.92044
Author mark and Year SAH 1986
100 ## - MAIN ENTRY--PERSONAL NAME
Personal name Sahliyeh, Emile F.
245 ## - TITLE STATEMENT
Title The PLO after the Lebanon War /
Statement of responsibility, etc Emile F. Sahliyeh
260 ## - PUBLICATION, DISTRIBUTION, ETC. (IMPRINT)
Place of publication, distribution, etc London:
Name of publisher, distributor, etc Emile F. Sahliyeh,
Date of publication, distribution, etc 1986
300 ## - PHYSICAL DESCRIPTION
Pagination 268 p;,
Dimensions 24cm
650 ## - SUBJECT ADDED ENTRY--TOPICAL TERM
Topical term or geographic name as entry element Politics and Government--Palestinian & Arabs
942 ## - ADDED ENTRY ELEMENTS (KOHA)
Source of classification or shelving scheme Dewey Decimal Classification
Koha item type Books
Holdings
Source of classification or shelving scheme Damaged status Not for loan Home library Current library Shelving location Date of accession Total Checkouts Full call number Barcode Date last seen Copy number Koha item type
Dewey Decimal Classification     JCC Rouf Library JCC Rouf Library General Stacks 02/12/2018   956.92044 SAH 1986 9966 02/12/2018 C-1 Books

JCC Library | Contacts | JCC Home

Last Update on 23 September 2017
Copyright @ 2017-2020 JCC Rouf Library
Rouf Library, Jhenidah Cadet College (JCC), Bangladesh